banner koha

Seroprevalence of hepatitis E virus infection in domestic pigs in the Federal District, Brazil (Registro n. 301024)

MARC details
000 -LÍDER
fixed length control field 03414nab a2200349 i 4500
003 - CÓDIGO MARC DA AGÊNCIA CATALOGADORA
Campo de controle BR-BrBNA
005 - DATA E HORA DA ÚLTIMA ATUALIZAÇÃO
Campo de controle 20240826132305.0
008 - CAMPO DE TAMANHO FIXO
fixed length control field 240826b2018 bl.|r|pooa||| 00| 0 eng |
040 ## - FONTE DA CATALOGAÇÃO
Agência catalogadora BR-BrBNA
Idioma da catalogação eng
072 ## - CATEGORIA AGRIS
Código AGRIS L73
Código do objeto 5300
072 ## - CATEGORIA AGRIS
Código AGRIS L70
100 ## - ENTRADA PRINCIPAL - NOME PESSOAL
Nome pessoal Vilanova, L.F.L.S.
100 ## - ENTRADA PRINCIPAL - NOME PESSOAL
Nome pessoal Rigueira, L.L.
100 ## - ENTRADA PRINCIPAL - NOME PESSOAL
Nome pessoal Perecmanis, S.
245 ## - TÍTULO PRINCIPAL
Título principal Seroprevalence of hepatitis E virus infection in domestic pigs in the Federal District, Brazil
500 ## - NOTA GERAL
Nota geral Publicação online; 28 ref.; 3 tables; Summaries (En, Pt)
942 ## - ADDED ENTRY ELEMENTS (KOHA)
Koha item type
520 ## - NOTA DE RESUMO
Nota de conteúdo <br/><br/>ABSTRACT - Hepatitis E is caused by the hepatitis E virus (HEV) which is currently known to be a zoonotic pathogen transmitted by pigs. In Brazil, there is no information about the circulation of HEV in the swine herd of the Federal District. Therefore, a cross-sectional study was performed with sera from 449 domestic pigs, provided by the Secretary of Agriculture of the Federal District. Blood samples were collected between June and September 2014. A commercially available ELISA kit was used for the detection of IgG antibodies. High seroprevalence of antibodies to HEV was found, since 304 animals showed anti-HEV positive reactions (67.7%; 95% CI = 63.2%, 71.9%). The seropositivity presented no difference by gender or age. The results suggest that HEV circulates among domestic pigs in the Federal District and it can serve as a warning to the local public health system due to their possible involvement in human infections.<br/><br/><br/>Keywords: hepatitis E, swine, Federal District, Brazil
520 ## - NOTA DE RESUMO
Nota de conteúdo <br/><br/>RESUMO - A hepatite E é causada pelo vírus da hepatite E (HEV), considerado um patógeno de transmissão zoonótica que tem suínos como reservatórios. No Brasil, não há informações a respeito da circulação do HEV no rebanho suíno do Distrito Federal. Por isso, foi conduzido um estudo transversal com amostras de soro de 449 suínos domésticos provenientes de 234 propriedades, cedidas pela Secretaria de Agricultura do Distrito Federal. As amostras sanguíneas foram coletadas entre junho e setembro de 2014. Um kit de ELISA comercialmente disponível foi utilizado para a detecção sorológica de anticorpos IgG contra o HEV. Foi encontrada uma alta soroprevalência de anticorpos contra o HEV, uma vez que 304 animais apresentaram amostras reagentes (67,7%, IC 95% = 63,2%, 71,9%). A soropositividade não variou com relação ao gênero ou à idade. Os resultados sugerem que o HEV circula entre os suínos domésticos no Distrito Federal, e isso pode servir como um alerta para o sistema de saúde pública da região devido ao possível envolvimento desses animais em infecções humanas.<br/><br/><br/>Palavras-chave: hepatite E, suínos, Distrito Federal, Brasil
650 ## - ASSUNTO - THESAGRO
Cabeçalho tópico ou nome geográfico SUÍNO
650 ## - ASSUNTO - THESAGRO
Cabeçalho tópico ou nome geográfico HEPATITE
650 ## - ASSUNTO - THESAGRO
Cabeçalho tópico ou nome geográfico DOENÇA ANIMAL
650 ## - ASSUNTO - THESAGRO
Cabeçalho tópico ou nome geográfico VÍRUS
650 ## - ASSUNTO - THESAGRO
Cabeçalho tópico ou nome geográfico ANÁLISE QUÍMICA
650 ## - ASSUNTO - THESAGRO
Cabeçalho tópico ou nome geográfico ANTICORPO
650 ## - ASSUNTO - THESAGRO
Cabeçalho tópico ou nome geográfico VETERINÁRIA PREVENTIVA
650 ## - ASSUNTO - THESAGRO
Cabeçalho tópico ou nome geográfico SAÚDE PÚBLICA
650 ## - ASSUNTO - THESAGRO
Cabeçalho tópico ou nome geográfico DISTRITO FEDERAL
773 0# - ENTRADA ANALÍTICA
Host Biblionumber 1643
Registro do item 317355
Imprenta Belo Horizonte-MG Universidade Federal de Minas Gerais - Escola de Veterinaria 1983
Outro identificador 2024-4007
Título Arquivo Brasileiro de Medicina Veterinária e Zootecnia (Brazil)
ISSN 0102-0935
Colação v. 70(2) p. 469-474; (2018)
Número de controle de registro BR2024002326
856 ## - ACESSO E ENDEREÇO ELETRÔNICO
Identificador uniforme de recurso - URI https://www.scielo.br/j/abmvz/a/ByPQxLHDnKS4bzNcFTY46Pv/?format=pdf&lang=en

Nenhum exemplar disponível.

BINAGRI

Telefone: (61)3218-2567/2388/3357/2097 - binagri@agro.gov.br

Ministério da Agricultura e Pecuária , Esplanada dos Ministérios, Bloco D, Anexo B, Brasília/DF, CEP: 70.043-900